000 00321nam a22001217a 4500
040 _cSY
082 _a397
100 _aម៉ែន សាម៉េត
245 _aបច្ចេកទេសបណ្ដុះកូនប្រេងខ្យល់
260 _aRUA
_bម៉ែន
_c2004
300 _a16p.
942 _cMA
999 _c9559
_d9559